get him back! - Olivia Rodrigo (All Lyrics) - Statistics

General Stats
  • This quiz has been taken 113 times
    12 since last reset
  • The average score is 549 of 705
Answer Stats
Lyrics % Correct
I
100%
(I
100%
I,
100%
me
100%
me,
100%
met
100%
a
89%
about
89%
an
89%
and
89%
And
89%
(And
89%
Another
89%
another
89%
argued
89%
bar,
89%
But
89%
but
89%
(But
89%
"Dude,
89%
ego
89%
end
89%
every
89%
everything
89%
foot
89%
friend
89%
friends
89%
guy
89%
had
89%
He
89%
he
89%
he'd
89%
he's
89%
He's
89%
him
89%
him?
89%
him,
89%
I'm
89%
in
89%
just
89%
Just
89%
left
89%
like,
89%
never
89%
nice
89%
night
89%
said
89%
six
89%
so
89%
So
89%
some
89%
something
89%
spring
89%
such
89%
summer,
89%
take
89%
the
89%
then
89%
then?
89%
then)
89%
Then
89%
to
89%
to)
89%
try"
89%
two,
89%
was
89%
when
89%
with
89%
With
89%
would
89%
wrong,
89%
again,
78%
again
78%
back
78%
back,
78%
back)
78%
back;
78%
bad
78%
choose,
78%
club,
78%
depressed
78%
Do
78%
do
78%
eye
78%
feel
78%
feeling
78%
fly
78%
France
78%
fun,
78%
get
78%
Get
78%
(Get
78%
guess
78%
hate
78%
If
78%
it
78%
it)
78%
it,
78%
it's
78%
jealous,
78%
love
78%
make
78%
miss
78%
much
78%
my
78%
now
78%
Oh,
78%
on
78%
on,
78%
One,
78%
one
78%
out
78%
out,
78%
real
78%
really
78%
right
78%
say
78%
son
78%
song
78%
song,
78%
temper
78%
this
78%
time
78%
us
78%
wandering
78%
wanna
78%
Wanna
78%
want
78%
weird
78%
be
67%
dance
67%
down
67%
drums?
67%
good,
67%
good
67%
heart
67%
heart,
67%
is
67%
kiss
67%
laugh
67%
made
67%
makes
67%
parties,
67%
pass
67%
remember
67%
revenge,
67%
sad
67%
sweet
67%
that
67%
them
67%
three
67%
'Til
67%
up
67%
Wait,
67%
all
56%
break
56%
car
56%
car,
56%
'Cause
56%
face
56%
her
56%
his
56%
kisses
56%
letters,
56%
lunch
56%
meet
56%
mom
56%
mom,
56%
nights
56%
stitch
56%
sucks
56%
sucks,
56%
tell
56%
throw
56%
trash
56%
way
56%
write
56%
as
44%
could
44%
disappointed
44%
everyone
44%
faces
44%
girl,
44%
got
44%
hit
44%
hitting
44%
how
44%
key
44%
knew
44%
little
44%
of
44%
only
44%
picture
44%
pour
44%
"send"
44%
shit
44%
these
44%
truth
44%
uppercut
44%
wasn't
44%
Yeah,
44%
yeah)
44%
yeah
44%
am
33%
Because
33%
daughter,
33%
father's
33%
fix
33%
I'll
33%
maybe
33%
told
33%
trippin'
33%
don't
22%
gonna
22%
hurt
22%
you
22%
(You
22%
even
11%
not
11%
at
0%
better
0%
(Come
0%
come
0%
hoo)
0%
know
0%
know,
0%
same
0%
what
0%
Woo)
0%
(Woo
0%
woo)
0%
No matching quizzes found
Score Distribution
Percent of People with Each Score
Percentile by Number Answered
Your Score History
You have not taken this quiz since the last reset